[Event "We start in 2009. When do we finish?"]
[Site "SchemingMind.com"]
[Date "2010.01.04"]
[Round "-"]
[White "Archon"]
[Black "Schaakmaatje"]
[Result "1/2-1/2"]
[WhiteCountry "CAN"]
[BlackCountry "NED"]
[WhiteElo "1664"]
[WhiteRD "61"]
[BlackElo "1676"]
[BlackRD "50"]
[GameID "233023"]

1. d4 d5 2. Nf3 Nf6 3. Bf4 Bf5 4. c4 e6 5. e3 Bd6 6. Nc3 c6 7. Bd3 Bxd3 8. Qxd3 dxc4 9. Qxc4 Bxf4 10. exf4 O-O
11. O-O Na6 12. Ne5 Nc7 13. b4 Ncd5 14. g3 Nxc3 15. Qxc3 Nd5=
1/2-1/2

[Event "We start in 2009. When do we finish?"]
[Site "SchemingMind.com"]
[Date "2010.01.04"]
[Round "-"]
[White "Schaakmaatje"]
[Black "Archon"]
[Result "0-1"]
[WhiteCountry "NED"]
[BlackCountry "CAN"]
[WhiteElo "1724"]
[WhiteRD "49"]
[BlackElo "1656"]
[BlackRD "60"]
[GameID "233025"]

1. g4 e5 2. Bg2 Nc6 3. c4 d6 4. h3 g6 5. Nc3 Bg7 6. Nf3 Nge7 7. d3 h5 8. g5 O-O 9. h4 Kh7 10. Ne4 Ng8
11. Be3 Bf5 12. Nc3 Bg4 13. Nh2 Bc8 14. O-O Nge7 15. Be4 Bf5 16. f4 Bxe4 17. Nxe4 exf4 18. Bxf4 Nf5 19. Nf3 Nfd4 20. e3 Nxf3+
21. Qxf3 Ne5 22. Bxe5 Bxe5 23. d4 Bg7 24. Nf6+ Bxf6 25. Qxf6 Qxf6 26. Rxf6 Kg7 27. Raf1 Rae8 28. R1f3 Re6 29. Kf2 Rxf6 30. gxf6+ Kg8
31. e4 Re8 32. Ke3 Re6 33. b4 Kf8 34. c5 dxc5 35. bxc5 Ra6 36. Rf2 Ra3+ 37. Kf4 Rh3 38. Kg5 Rg3+ 39. Kh6 Rg4 40. Re2 Rxh4
41. d5 Rf4 42. e5 Rf5 43. d6 h4 44. Rg2 Rh5#
0-1

[Event "We start in 2009. When do we finish?"]
[Site "SchemingMind.com"]
[Date "2010.01.14"]
[Round "-"]
[White "jtrochez1"]
[Black "Archon"]
[Result "1-0"]
[WhiteCountry "HON"]
[BlackCountry "CAN"]
[WhiteElo "1589"]
[WhiteRD "51"]
[BlackElo "1655"]
[BlackRD "60"]
[GameID "234315"]

1. e4 d6 2. d4 Nf6 3. Nc3 g6 4. h3 Bg7 5. Bg5 h6 6. Bh4 O-O 7. Bd3 Nbd7 8. Nf3 c5 9. d5 b5 10. Rb1 b4
11. Ne2 a5 12. b3 Ba6 13. Bxa6 Rxa6 14. Qd3 Qa8 15. c4 a4 16. O-O axb3 17. axb3 Ra2 18. Nh2 Re8 19. f3 Ne5 20. Qd1 g5
21. Bf2 Ng6 22. Qd3 Nh5 23. Be3 Ngf4 24. Nxf4 gxf4 25. Bf2 Ng3 26. Bxg3 fxg3 27. Ng4 Bd4+ 28. Kh1 Kg7 29. f4 Qa3 30. Qxg3 Kh7
31. Qh4 Bg7 32. e5 Re2 33. Nf2 Ra8 34. g4 dxe5 35. Qxe7 Ra7 36. Qxc5 exf4 37. d6 Qa2 38. Qf5+ Kg8 39. d7 Rxf2 40. Rxf2 Qxf2
41. Qc5 Bd4 42. d8=Q+ Kh7 43. Qdxd4 Qg3 44. Qf5+ Kg8 45. Qc8+ Kh7 46. Qf5+ Kg8 47. Qd8+ Kg7 48. Qdf6+ Kg8 49. Qc8+ Kh7 50. Qch8#
1-0

[Event "We start in 2009. When do we finish?"]
[Site "SchemingMind.com"]
[Date "2010.01.14"]
[Round "-"]
[White "jtrochez1"]
[Black "Schaakmaatje"]
[Result "1-0"]
[WhiteCountry "HON"]
[BlackCountry "NED"]
[WhiteElo "1551"]
[WhiteRD "51"]
[BlackElo "1724"]
[BlackRD "49"]
[GameID "234316"]

1. e4 c5 2. Nf3 Nc6 3. d4 cxd4 4. Nxd4 a6 5. Nxc6 bxc6 6. Bc4 d6 7. O-O g6 8. Bd2 Bg7 9. Bc3 Nf6 10. Kh1 e5
11. Nd2 O-O 12. Bd3 Nh5 13. Nf3 Bg4 14. h3 Bxf3 15. Qxf3 Nf4 16. Qg3 Nxd3 17. cxd3 f5 18. f4 Qe7 19. exf5 exf4 20. Rxf4 Rxf5
21. Re1 Qg5 22. Rg4 Qd8 23. Bxg7 Kxg7 24. Rge4 Ra7 25. Re6 Rd7 26. Kg1 Qf8 27. Qh4 Rf6 28. Qd4 Rf7 29. Re8
1-0

[Event "We start in 2009. When do we finish?"]
[Site "SchemingMind.com"]
[Date "2010.01.10"]
[Round "-"]
[White "Archon"]
[Black "jtrochez1"]
[Result "1-0"]
[WhiteCountry "CAN"]
[BlackCountry "HON"]
[WhiteElo "1659"]
[WhiteRD "61"]
[BlackElo "1603"]
[BlackRD "47"]
[GameID "234318"]

1. Nf3 Nc6 2. d4 d5 3. g3 Bf5 4. Bg2 h6 5. O-O e6 6. b3 Nf6 7. Ba3 Bxa3 8. Nxa3 a6 9. c4 O-O 10. Nc2 Bxc2
11. Qxc2 Nb4 12. Qd2 Nc6 13. Rac1 Ne4 14. Qb2 Nf6 15. e3 Rb8 16. Nd2 Re8 17. e4 dxe4 18. Nxe4 Nxe4 19. Bxe4 Nxd4 20. Rfd1 e5
21. Rxd4 exd4 22. Bd3 c5 23. Qb1 Qf6 24. Rf1 b5 25. Qc2 b4 26. Bh7+ Kh8 27. Bd3 Re7 28. Qd2 Rbe8 29. Kg2 Qc6+ 30. Kg1 Qe6
31. Kg2 Qc6+ 32. Kg1 a5 33. Bc2 Re2 34. Qd1 Qf3 35. Bd3 Qc6 36. Bxe2 Qe6 37. Bd3 f5 38. Qd2 Rf8 39. Re1 Qf6 40. Qe2 g6
41. Qe5 Qxe5 42. Rxe5 Rc8 43. Kg2 Kg7 44. h4 Kf6 45. Re2 Rc6 46. Re8 Ra6 47. Kf3 a4 48. Rc8 axb3 49. axb3 Ra3 50. Bc2 Ra2
51. Bd1 d3 52. Ke3 d2 53. Rd8 Ke5 54. Rxd2 Rxd2 55. Kxd2 f4 56. Kd3 g5 57. hxg5 hxg5 58. gxf4+ gxf4 59. Bf3 Kf5 60. Be4+ Ke5=
61. f3 Kf6 62. Bh7 Ke5 63. Bg6 Kf6 64. Ke4 Kxg6 65. Kxf4 Kf6 66. Ke4 Ke6 67. f4
1-0

[Event "We start in 2009. When do we finish?"]
[Site "SchemingMind.com"]
[Date "2010.01.14"]
[Round "-"]
[White "Schaakmaatje"]
[Black "jtrochez1"]
[Result "1-0"]
[WhiteCountry "NED"]
[BlackCountry "HON"]
[WhiteElo "1762"]
[WhiteRD "46"]
[BlackElo "1589"]
[BlackRD "51"]
[GameID "234319"]

1. e4 e5 2. f4 d6 3. Nf3 Bg4 4. Bc4 Nc6 5. c3 Be6 6. Bxe6 fxe6 7. d4 Qf6 8. fxe5 dxe5 9. Bg5 Qg6 10. O-O Nf6
11. Bxf6 gxf6 12. Nbd2 Rg8 13. Qe2 O-O-O 14. Nb3 exd4 15. cxd4 h5 16. Rac1 Bd6 17. Rc2 Rde8 18. Rfc1 Rg7 19. Ne1 Reg8 20. Rxc6 bxc6
21. a3 h4 22. e5 fxe5 23. dxe5 Bxe5 24. Qxe5 h3 25. g3 Qg4 26. Rxc6 Qf5 27. Rxe6 Qxe5 28. Rxe5 Rf7 29. Nd3 Rgf8 30. Nf4 Rxf4
31. gxf4 Rxf4 32. Re3 Rg4+ 33. Rg3 Re4 34. Kf2 Rc4 35. Rg8+ Kd7 36. Rg7+ Kc8 37. Re7 Rc2+ 38. Re2 Rxe2+ 39. Kxe2 Kd7 40. Kf3 Kd6
41. Kg3 Kd5 42. Kxh3 c5 43. Kg4 Kc4 44. Na5+ Kd5 45. Kg5 Ke6 46. Kg6 Ke7 47. Kg7 a6 48. h4
1-0

[Event "We start in 2009. When do we finish?"]
[Site "SchemingMind.com"]
[Date "2010.01.13"]
[Round "-"]
[White "Lazaro"]
[Black "jtrochez1"]
[Result "0-1"]
[WhiteCountry "CUB"]
[BlackCountry "HON"]
[WhiteElo "1680"]
[WhiteRD "85"]
[BlackElo "1589"]
[BlackRD "51"]
[GameID "234709"]

1. d4 d5 2. c4 Nf6 3. Nc3 e6 4. cxd5 exd5 5. Bg5 c6 6. e3 Be7 7. Bd3 Be6 8. Nge2 h6 9. Bh4 Nbd7 10. Qc2 O-O
11. Nf4 Ne8 12. Bg3 Nef6 13. O-O a6 14. a4 c5 15. a5 c4 16. Bf5 Bxf5 17. Qxf5 Qc8 18. Nfxd5 Bd8 19. e4 Ne8 20. Ne3 Bc7
21. Nxc4 Ndf6 22. Bxc7 Qxf5
0-1

[Event "We start in 2009. When do we finish?"]
[Site "SchemingMind.com"]
[Date "2010.01.12"]
[Round "-"]
[White "Lazaro"]
[Black "Archon"]
[Result "1-0"]
[WhiteCountry "CUB"]
[BlackCountry "CAN"]
[WhiteElo "1792"]
[WhiteRD "83"]
[BlackElo "1664"]
[BlackRD "61"]
[GameID "234711"]

1. e4 d6 2. d4 Nf6 3. Nc3 g6 4. f4 Bg7 5. Nf3 O-O 6. Be3 c5 7. dxc5 Qa5 8. Bd3 dxc5 9. e5 Nd5 10. Bd2 Nxc3
11. Bxc3 Qd8 12. Qe2 f6 13. O-O-O Qb6 14. h4 fxe5 15. Nxe5 Nc6 16. Nxc6 Qxc6 17. Qxe7 Bxc3 18. Bc4+ Be6 19. Bxe6+ Kh8 20. Rd7 Qxd7
21. Bxd7 Bd4 22. h5 Bf6 23. hxg6 Bxe7 24. Rxh7+
1-0

[Event "We start in 2009. When do we finish?"]
[Site "SchemingMind.com"]
[Date "2010.01.16"]
[Round "-"]
[White "Lazaro"]
[Black "Schaakmaatje"]
[Result "1-0"]
[WhiteCountry "CUB"]
[BlackCountry "NED"]
[WhiteElo "1604"]
[WhiteRD "97"]
[BlackElo "1680"]
[BlackRD "47"]
[GameID "234712"]

1. e4 e5 2. Nf3 Nc6 3. Bc4 Bc5 4. c3 Nf6 5. d4 exd4 6. cxd4 Bb4+ 7. Nc3 Nxe4 8. O-O Nxc3 9. bxc3 Bxc3 10. Ba3 d6
11. Rc1 Bb4 12. Bxb4 Nxb4 13. Qe1+
1-0

[Event "We start in 2009. When do we finish?"]
[Site "SchemingMind.com"]
[Date "2010.01.13"]
[Round "-"]
[White "jtrochez1"]
[Black "Lazaro"]
[Result "1-0"]
[WhiteCountry "HON"]
[BlackCountry "CUB"]
[WhiteElo "1589"]
[WhiteRD "51"]
[BlackElo "1680"]
[BlackRD "85"]
[GameID "234713"]

1. e4 e6 2. d4 d5 3. e5 c5 4. c3 Nc6 5. Nf3 Qb6 6. b3 cxd4 7. cxd4 Bb4+ 8. Bd2 Nxd4 9. Bxb4 Qxb4+ 10. Nfd2 Ne7
11. Bd3 Nec6 12. O-O Nxe5 13. a3 Qb6 14. Be2 Bd7 15. b4 Rc8 16. Ra2 Rc1 17. Nc4 Rxd1 18. Nxb6 Nxe2+ 19. Rxe2 Rxf1+ 20. Kxf1
1-0

[Event "We start in 2009. When do we finish?"]
[Site "SchemingMind.com"]
[Date "2010.01.12"]
[Round "-"]
[White "Archon"]
[Black "Lazaro"]
[Result "1-0"]
[WhiteCountry "CAN"]
[BlackCountry "CUB"]
[WhiteElo "1655"]
[WhiteRD "60"]
[BlackElo "1680"]
[BlackRD "85"]
[GameID "234715"]

1. Nf3 Nf6 2. c4 g6 3. b4 a5 4. b5 Bg7 5. Bb2 O-O 6. g3 d5 7. Na3 dxc4 8. Rc1 Qd5 9. Bg2 c3 10. Bxc3 Qxa2
11. Ra1 Qd5 12. O-O Nbd7 13. d3 Nb6 14. Rb1 Qh5 15. Bxf6 Bxf6 16. Re1 Be6 17. Qc2 Nd5 18. Qd2 Bc3 19. Qc2 Bxe1 20. Nxe1 Rfd8
21. Nc4 Nb4 22. Qb2 Qxb5 23. Nf3 Bxc4 24. dxc4 Qxc4 25. Ne5 Qe6 26. Nf3
1-0

[Event "We start in 2009. When do we finish?"]
[Site "SchemingMind.com"]
[Date "2010.01.16"]
[Round "-"]
[White "Schaakmaatje"]
[Black "Lazaro"]
[Result "0-1"]
[WhiteCountry "NED"]
[BlackCountry "CUB"]
[WhiteElo "1676"]
[WhiteRD "50"]
[BlackElo "1767"]
[BlackRD "80"]
[GameID "234716"]

1. e4 c5 2. Nf3 d6 3. d4 cxd4 4. Nxd4 Nf6 5. Nc3 a6 6. Be2 e6 7. Be3 Qc7 8. O-O Nc6 9. Qd2 Be7 10. f3 O-O
11. Na4 Bd7 12. Nxc6 Bxc6= 13. Nb6 Rad8 14. a4 d5 15. a5 dxe4 16. Qc3 exf3 17. Bxf3 Bd6 18. h3 Be5 19. Qe1 Bxb2 20. Rd1 Rxd1
21. Bxd1 Nd5 22. Nxd5 Bxd5 23. Qh4 Qe5 24. Bf4 Qd4+ 25. Kh2 e5
0-1

[Event "We start in 2009. When do we finish?"]
[Site "SchemingMind.com"]
[Date "2010.01.13"]
[Round "-"]
[White "kwabena"]
[Black "jtrochez1"]
[Result "1-0"]
[WhiteCountry "ENG"]
[BlackCountry "HON"]
[WhiteElo "1503"]
[WhiteRD "73"]
[BlackElo "1551"]
[BlackRD "51"]
[GameID "234831"]

1. d4 b6 2. Bf4 Nf6 3. h3 d5 4. e3 e6 5. Nf3 Bd6 6. Bxd6 cxd6 7. c4 Bb7 8. Nc3 Bc6 9. Qb3 Nbd7 10. Be2 O-O
11. O-O dxc4 12. Qxc4 Bxf3 13. Bxf3 Rc8 14. Qb4 a6 15. Qxd6 Qc7 16. Qxc7 Rxc7 17. Rac1 b5 18. Ne4 Rfc8 19. Nc3 g6 20. a3 a5
21. Rfd1 b4 22. axb4 axb4 23. Ne2 Nb6 24. Rxc7 Rxc7 25. Nc1 Na4 26. b3 Nc3 27. Rd3 Ra7 28. Kh2 Ra1 29. Ne2 Nxe2 30. Bxe2 Nd5
31. Rd2 Nc3 32. Bc4 Ra2 33. Rxa2 Nxa2 34. Bb5 Nc3 35. Bc4 Kf8 36. Kg3 Ke7 37. Kf4 f6 38. e4 h6 39. Ke3 g5 40. f4 Nd1+
41. Kf3 gxf4 42. Kxf4 h5 43. e5 Nf2 44. exf6+ Kxf6 45. d5 exd5 46. Bxd5 Nd3+ 47. Ke4 Nc5+ 48. Kd4 Ne6+ 49. Bxe6 Kxe6 50. Kc5 Kd7
51. Kxb4 Kc6 52. Ka5
1-0

[Event "We start in 2009. When do we finish?"]
[Site "SchemingMind.com"]
[Date "2010.01.13"]
[Round "-"]
[White "kwabena"]
[Black "Lazaro"]
[Result "0-1"]
[WhiteCountry "ENG"]
[BlackCountry "CUB"]
[WhiteElo "1588"]
[WhiteRD "73"]
[BlackElo "1767"]
[BlackRD "80"]
[GameID "234833"]

1. d4 Nf6 2. Bf4 e6 3. h3 c5 4. c3 Nc6 5. a3 Qb6 6. Qd2 cxd4 7. cxd4 Qxd4 8. Nc3 Qxd2+ 9. Bxd2 d5 10. Nf3 a6
11. e3 Bd7 12. Be2 Bd6 13. O-O O-O 14. Na4 Nd4 15. Nxd4 Bxa4 16. b4 Ne4 17. Bc1 g6 18. Bb2 Rac8 19. Nf3 Rc2 20. Bd4 Rxe2
21. Rac1 Rc2 22. Rxc2 Bxc2 23. Rc1 Ba4 24. Ne5 Bxe5 25. Bxe5 Bc6 26. f3 Nd2 27. Bd6 Rc8 28. Kf2 Nc4 29. e4 Nxd6 30. exd5 Bxd5
31. Ra1 b5 32. a4 bxa4 33. Rxa4 Bc4 34. Ke3 Bb5
0-1

[Event "We start in 2009. When do we finish?"]
[Site "SchemingMind.com"]
[Date "2010.01.14"]
[Round "-"]
[White "kwabena"]
[Black "Archon"]
[Result "1-0"]
[WhiteCountry "ENG"]
[BlackCountry "CAN"]
[WhiteElo "1588"]
[WhiteRD "73"]
[BlackElo "1664"]
[BlackRD "61"]
[GameID "234834"]

1. d4 d6 2. Bf4 g6 3. e3 Bg7 4. Nf3 Nd7 5. Nc3 e5 6. dxe5 dxe5 7. Bg3 Nh6 8. Bb5 f6 9. O-O O-O 10. h3 Nf7
11. Qd3 c6 12. Bc4 Qe7 13. Ne4 Kh8 14. Qb3 Nb6 15. Bd3 Be6 16. Qc3 Nd5 17. Qd2 Rad8 18. Qe2 Nb4 19. a3 Nxd3 20. cxd3 Bb3
21. Rfc1 Bd5 22. Nc5 Bxf3 23. Qxf3 Ng5 24. Qg4 h5 25. Qa4 a6 26. Qb3 b5 27. Nxa6 Ne6 28. Rxc6 Rc8 29. Rxe6
1-0

[Event "We start in 2009. When do we finish?"]
[Site "SchemingMind.com"]
[Date "2010.01.17"]
[Round "-"]
[White "kwabena"]
[Black "Schaakmaatje"]
[Result "1-0"]
[WhiteCountry "ENG"]
[BlackCountry "NED"]
[WhiteElo "1588"]
[WhiteRD "73"]
[BlackElo "1676"]
[BlackRD "50"]
[GameID "234835"]

1. d4 d5 2. e3 Bf5 3. Nf3 e6 4. a3 Nf6 5. c4 Be7 6. c5 c6 7. Nc3 O-O 8. Bd3 Bxd3 9. Qxd3 Nbd7 10. O-O e5
11. b4 e4 12. Qe2 exf3 13. Qxf3 Re8 14. Ne2 Ne4 15. Ng3 Ndf6 16. Nf5 Bf8 17. Qh3 Ng5 18. Qg3 Nfe4 19. Qh4 Qd7 20. Qg4 g6
21. Nh6+
1-0

[Event "We start in 2009. When do we finish?"]
[Site "SchemingMind.com"]
[Date "2010.01.13"]
[Round "-"]
[White "jtrochez1"]
[Black "kwabena"]
[Result "1-0"]
[WhiteCountry "HON"]
[BlackCountry "ENG"]
[WhiteElo "1547"]
[WhiteRD "52"]
[BlackElo "1556"]
[BlackRD "73"]
[GameID "234836"]

1. e4 d5 2. exd5 Qxd5 3. Nc3 Qa5 4. Nf3 Bf5 5. Be2 e6 6. O-O Nf6 7. d3 Qb6 8. b3 Bd6 9. Na4 Qc6 10. Nd4 Bxh2+
11. Kh1 Qd6 12. Nxf5 Qe5 13. Nxg7+ Ke7 14. f4 Qxa1 15. Kxh2 Nbd7 16. Ba3+ Kd8 17. Qxa1 Rg8 18. Nh5 Nd5 19. Bc1 c6 20. Bd2 Kc7
21. c4 Ne7 22. Nf6 Rg6 23. Nxd7 Kxd7 24. Nc5+ Kc7 25. Qe5+ Kc8 26. Qd6 Nf5 27. Qd7+ Kb8 28. Qxb7#
1-0

[Event "We start in 2009. When do we finish?"]
[Site "SchemingMind.com"]
[Date "2010.01.13"]
[Round "-"]
[White "Lazaro"]
[Black "kwabena"]
[Result "1-0"]
[WhiteCountry "CUB"]
[BlackCountry "ENG"]
[WhiteElo "1604"]
[WhiteRD "97"]
[BlackElo "1559"]
[BlackRD "76"]
[GameID "234838"]

1. e4 d5 2. exd5 Qxd5 3. Nc3 Qa5 4. d4 Qb6 5. Nf3 Bf5 6. Bc4 e6 7. Ne5 a6 8. d5 Nf6 9. dxe6 Bxe6 10. Qe2 Bc5
11. O-O O-O 12. Na4 Bxc4 13. Qxc4 Bxf2+ 14. Rxf2 Qd6 15. Qf4 Qd1+ 16. Rf1 Qxc2 17. Nc3 Nc6 18. Nxc6 bxc6 19. Qxc7 Rfc8 20. Qg3 h6
21. Bxh6
1-0

[Event "We start in 2009. When do we finish?"]
[Site "SchemingMind.com"]
[Date "2010.01.14"]
[Round "-"]
[White "Archon"]
[Black "kwabena"]
[Result "1-0"]
[WhiteCountry "CAN"]
[BlackCountry "ENG"]
[WhiteElo "1664"]
[WhiteRD "61"]
[BlackElo "1556"]
[BlackRD "73"]
[GameID "234839"]

1. Nf3 d5 2. c4 c6 3. g3 dxc4 4. Bg2 Qc7 5. a4 a6 6. b3 cxb3 7. Qxb3 Bf5 8. Nc3 e6 9. d3 Nf6 10. a5 Nbd7
11. O-O Nd5 12. Bb2 Bg6 13. Nxd5 cxd5 14. Rfc1 Qd8 15. Ne5 Nc5 16. Qa2 Bf5 17. Bd4 Nd7 18. Nxd7 Qxd7 19. Bb6 Bd6 20. Rc2 O-O
21. Rac1 Rfc8 22. Qa1 Rc6 23. Rxc6 bxc6 24. d4 h6 25. Bc5 Bc7 26. e3 Bd3 27. Bf1 Bb5 28. Bxb5 axb5 29. a6 Bb8 30. Rc2 Ba7
31. Qc1 Bxc5 32. Rxc5 Rxa6 33. Kg2 Rb6 34. Qc2 b4 35. Qb3 g5 36. h3 Qb7 37. Ra5 Rb5 38. Ra4 f5 39. Kh2 Kf7 40. Kg2 Qb6
41. Ra8 c5 42. dxc5 Qxc5 43. Rh8 Kg7 44. Ra8 Qc4 45. Qb2+ Kf7 46. Ra7+ Kg6 47. Qg7+ Kh5 48. Qf7#
1-0

[Event "We start in 2009. When do we finish?"]
[Site "SchemingMind.com"]
[Date "2010.01.17"]
[Round "-"]
[White "Schaakmaatje"]
[Black "kwabena"]
[Result "0-1"]
[WhiteCountry "NED"]
[BlackCountry "ENG"]
[WhiteElo "1676"]
[WhiteRD "50"]
[BlackElo "1588"]
[BlackRD "73"]
[GameID "234840"]

1. e4 d5 2. exd5 Qxd5 3. Nc3 Qa5 4. d4 e6 5. Bd2 Qb6 6. Nf3 Nf6 7. Rb1 c5 8. Na4 Qc7 9. Nxc5 Bxc5 10. dxc5 Qxc5
11. Bd3 O-O 12. O-O Nbd7 13. Be3 Qc7 14. h3 a6 15. c3 b5 16. Qc2 h6 17. a3 Bb7 18. Be2 Rfd8 19. Rbd1 Nd5 20. Bc1 N7f6
21. Nd4 Ne4 22. Qxe4 Nxc3 23. Qe3 Nxd1 24. Rxd1 Rd5 25. b4 Rad8 26. Bb2 Re5 27. Qf4 Qb8 28. Bf3 Re1+ 29. Rxe1 Qxf4 30. Bxb7 Qd2
31. Rb1 Qd3 32. Rf1 Rxd4 33. Bxd4 Qxd4 34. Rc1 Qb2 35. Rc8+ Kh7 36. Bxa6 Qxa3 37. Bxb5 Qa1+ 38. Kh2 Qe5+
0-1

[Event "We start in 2009. When do we finish?"]
[Site "SchemingMind.com"]
[Date "2010.01.21"]
[Round "-"]
[White "agarr"]
[Black "jtrochez1"]
[Result "1-0"]
[WhiteCountry "RUS"]
[BlackCountry "HON"]
[WhiteElo "1772"]
[WhiteRD "73"]
[BlackElo "1551"]
[BlackRD "51"]
[GameID "235241"]

1. e4 e5 2. Nf3 Nc6 3. Bc4 d6 4. c3 Qf6 5. d4 h6 6. Be3 Nd8 7. Nbd2 Bd7 8. O-O Ne7 9. dxe5 dxe5 10. Qb3 Nec6
11. Bd5 Bd6 12. Nc4 O-O 13. Nxd6 cxd6 14. Rad1 b6 15. c4 Rb8 16. a3 Na5 17. Qd3 Nac6 18. Bxc6 Nxc6 19. Qxd6 Qxd6 20. Rxd6 Rb7
21. Rfd1 Rd8 22. Rxc6 Rbb8 23. Rcd6 f6 24. Rxd7 Rxd7 25. Rxd7 a5 26. Nh4 Kh7 27. Nf5
1-0

[Event "We start in 2009. When do we finish?"]
[Site "SchemingMind.com"]
[Date "2010.01.19"]
[Round "-"]
[White "agarr"]
[Black "Lazaro"]
[Result "0-1"]
[WhiteCountry "RUS"]
[BlackCountry "CUB"]
[WhiteElo "1687"]
[WhiteRD "81"]
[BlackElo "1767"]
[BlackRD "80"]
[GameID "235243"]

1. e4 e6 2. d4 d5 3. exd5 exd5 4. Bf4 Bd6 5. Bxd6 Qxd6 6. Nc3 Nf6 7. Qe2+ Be6 8. O-O-O Nc6 9. Nb5 Qd8 10. f4 O-O
11. Nf3 Re8 12. Ne5 Bg4 13. Qf2 Ne4 14. Qe3 Bxd1 15. Kxd1 f6 16. Nxc6 bxc6 17. Nc3 c5 18. Bb5 cxd4 19. Qxd4 c5 20. Qg1 Rb8
21. Bxe8 Nxc3+ 22. Kd2 Ne4+ 23. Kc1 Qb6 24. b3 Rxe8 25. Qe3 Qb4 26. Kb2 Nd6 27. Qd3 Nc4+
0-1

[Event "We start in 2009. When do we finish?"]
[Site "SchemingMind.com"]
[Date "2010.01.17"]
[Round "-"]
[White "agarr"]
[Black "Archon"]
[Result "1-0"]
[WhiteCountry "RUS"]
[BlackCountry "CAN"]
[WhiteElo "1772"]
[WhiteRD "73"]
[BlackElo "1656"]
[BlackRD "60"]
[GameID "235244"]

1. e4 d6 2. d4 Nf6 3. Nc3 g6 4. Nf3 Bg7 5. Bd3 O-O 6. h3 Nc6 7. Be3 e5 8. d5 Ne7 9. Qd2 Nh5 10. g4 Nf4
11. Bxf4 exf4 12. Qxf4 a6 13. O-O-O b5 14. h4 b4 15. Na4 Bd7 16. b3 Bxa4 17. bxa4 c6 18. dxc6 Nxc6 19. Bc4 Ne5 20. Bd5 Nxf3
21. Bxa8 Qxa8 22. Qxf3 Qc6 23. a5 Rc8 24. Qd3 Be5 25. f3 Bf4+ 26. Kb1 Be5 27. Rhf1 Qa4 28. Qb3 Qb5 29. f4 Rc3 30. Qd5 Qxd5
31. Rxd5 Bg7 32. Rxd6 Ra3 33. Rxa6 Bc3 34. g5 Ra4 35. Rf3 Ra3 36. Rd3 Kg7 37. Ra8 b3 38. cxb3 Rxa5 39. Rxa5 Bxa5 40. f5 Be1
41. f6+
1-0

[Event "We start in 2009. When do we finish?"]
[Site "SchemingMind.com"]
[Date "2010.01.17"]
[Round "-"]
[White "agarr"]
[Black "kwabena"]
[Result "1-0"]
[WhiteCountry "RUS"]
[BlackCountry "ENG"]
[WhiteElo "1687"]
[WhiteRD "81"]
[BlackElo "1588"]
[BlackRD "73"]
[GameID "235245"]

1. e4 d5 2. exd5 Qxd5 3. Nc3 Qa5 4. d4 a6 5. Nf3 Qb6 6. Ne5 Nf6 7. Bc4 Bf5 8. Bxf7+ Kd8 9. Bc4 e6 10. Nf7+ Ke7
11. Nxh8 h6 12. O-O g5 13. d5 Bg7 14. dxe6 Bxh8 15. Be3 Qxb2 16. Bc5+ Ke8 17. Nd5 Qe5 18. Re1 Ne4 19. f3 c6 20. fxe4 Bxe4
21. Qh5+ Kd8 22. Bb6+
1-0

[Event "We start in 2009. When do we finish?"]
[Site "SchemingMind.com"]
[Date "2010.01.21"]
[Round "-"]
[White "agarr"]
[Black "Schaakmaatje"]
[Result "1-0"]
[WhiteCountry "RUS"]
[BlackCountry "NED"]
[WhiteElo "1712"]
[WhiteRD "78"]
[BlackElo "1715"]
[BlackRD "50"]
[GameID "235246"]

1. e4 e5 2. Nf3 Nf6 3. Nc3 Nc6 4. Bc4 Be7 5. O-O O-O 6. d3 h6 7. Be3 d6 8. Qd2 Ng4 9. h3 Nxe3 10. Qxe3 Na5
11. Bb5 c6 12. Ba4 b5 13. Bb3 Nxb3 14. axb3 a5 15. d4 exd4 16. Nxd4 Qb6 17. b4 Bd7 18. bxa5 Rxa5 19. Nf5
1-0

[Event "We start in 2009. When do we finish?"]
[Site "SchemingMind.com"]
[Date "2010.01.21"]
[Round "-"]
[White "jtrochez1"]
[Black "agarr"]
[Result "0-1"]
[WhiteCountry "HON"]
[BlackCountry "RUS"]
[WhiteElo "1551"]
[WhiteRD "51"]
[BlackElo "1772"]
[BlackRD "73"]
[GameID "235247"]

1. e4 e5 2. Nf3 Nc6 3. Bc4 Bc5 4. d3 h6 5. Nc3 Nf6 6. h3 O-O 7. a3 a6 8. Qe2 Nd4 9. Nxd4 Bxd4 10. Bd2 c6
11. O-O d5 12. Ba2 b5 13. Nd1 Re8 14. Kh2 Be6 15. c3 Bb6 16. f4 exf4 17. Bxf4 dxe4 18. Bxe6 exd3 19. Bxf7+ Kxf7 20. Qf3 Re6
21. Bd2 Bc7+ 22. Kh1 Qd6 23. Bf4 Qxf4 24. Qxf4 Bxf4 25. Rxf4 Re1+ 26. Kh2 Rae8 27. Rf2 R8e2 28. Rf3 Rd2 29. Rf2 Rxf2 30. Kg3 Rd2
0-1

[Event "We start in 2009. When do we finish?"]
[Site "SchemingMind.com"]
[Date "2010.01.19"]
[Round "-"]
[White "Lazaro"]
[Black "agarr"]
[Result "1-0"]
[WhiteCountry "CUB"]
[BlackCountry "RUS"]
[WhiteElo "1792"]
[WhiteRD "83"]
[BlackElo "1712"]
[BlackRD "78"]
[GameID "235249"]

1. d4 d5 2. c4 e6 3. Nc3 Nf6 4. cxd5 exd5 5. Bg5 Be7 6. e3 O-O 7. Bd3 Nc6 8. Nf3 Nb4 9. Bb1 Bg4 10. Qb3 Bxf3
11. gxf3 c5 12. dxc5 Bxc5 13. a3 Nc6 14. Qxb7 Ne5 15. Bxf6 Qxf6 16. Qxd5 Bb6 17. f4 Ng4 18. Qh5 Nh6 19. Qg5 Qxg5 20. fxg5 Ng4
21. Be4 Rad8 22. Ke2 Ne5 23. Rhd1 Nc4 24. Na4 Ba5 25. b4 Bc7 26. Rac1 Nb6 27. Rxc7 Nxa4 28. Rxd8 Rxd8 29. Rxa7 Nc3+ 30. Kf3
1-0

[Event "We start in 2009. When do we finish?"]
[Site "SchemingMind.com"]
[Date "2010.01.18"]
[Round "-"]
[White "Archon"]
[Black "agarr"]
[Result "0-1"]
[WhiteCountry "CAN"]
[BlackCountry "RUS"]
[WhiteElo "1656"]
[WhiteRD "60"]
[BlackElo "1772"]
[BlackRD "73"]
[GameID "235250"]

1. Nf3 d5 2. c4 dxc4 3. e4 Nf6 4. Bxc4 Bg4 5. h3 Bxf3 6. Qxf3 e5 7. Nc3 Nc6 8. d3 Nd4 9. Qd1 Bb4 10. Bg5 c6
11. O-O O-O 12. a3 Ba5 13. b4 Bb6 14. Na4 Bc7 15. Nc5 b5 16. Ba2 Re8 17. Rc1 a5 18. Nb7 Qe7 19. Nc5 axb4 20. Bxf6 Qxf6
21. Qh5 g6 22. Qd1 bxa3 23. Nb3 Nxb3 24. Bxb3 Bb6 25. Ba2 c5 26. Kh1 b4 27. f4 exf4 28. Qg4 Qb2 29. Bxf7+ Kxf7 30. Rxf4+ Kg8
31. Rcf1 a2 32. Qd7 a1=Q
0-1

[Event "We start in 2009. When do we finish?"]
[Site "SchemingMind.com"]
[Date "2010.01.17"]
[Round "-"]
[White "kwabena"]
[Black "agarr"]
[Result "0-1"]
[WhiteCountry "ENG"]
[BlackCountry "RUS"]
[WhiteElo "1588"]
[WhiteRD "73"]
[BlackElo "1687"]
[BlackRD "81"]
[GameID "235251"]

1. d4 d5 2. Nf3 Bg4 3. e3 e6 4. a3 Bd6 5. h3 Bh5 6. Be2 Bxf3 7. Bxf3 Nf6 8. O-O O-O 9. Nd2 c5 10. c3 c4
11. b3 cxb3 12. Qxb3 Qc7 13. Bb2 Nc6 14. c4 Na5 15. Qa2 dxc4 16. Bc3 b5 17. Bxa8 Rxa8 18. Rab1 Nd5 19. Rxb5 Nxc3 20. Qb2 Nxb5
21. Qxb5 Rb8 22. Qa4 g6 23. Rc1 Rb2 24. Ne4 Be7 25. Nc3 Nb3 26. Rd1 Kg7 27. d5 Rd2 28. Rxd2 Nxd2 29. dxe6 fxe6 30. Ne2 c3
31. Qc2 Bxa3 32. Nd4 Kf7 33. Nb5 Qc5 34. Nxc3 Bb4 35. Qxd2 Bxc3 36. Qd7+ Qe7 37. Qd3 Bb4 38. g4 a5 39. Kf1 a4 40. Ke2 a3
41. Qb3 Qc5 42. Kd1 Qd5+ 43. Qxd5 exd5 44. Kc2 Kf6 45. Kb3 Kg5 46. f3 Kh4 47. e4 dxe4 48. fxe4 Kxh3 49. e5 Be7 50. g5 Kg4
51. e6 Kxg5
0-1